LEADER 00811nam a2200217 i 4500 001 000000168158 003 CaOOAMICUS 005 20071220000000.0 008 071220n it u000 u mul u 013 $a145560 040 $aSeMil$bita 100 1 $aBellati, Antonio <1941-2013>.$0(OLS)http://semarc/name/19503 245 10$aCa e casinél /$cAntonio Bellati. 260 $a[Premana] :$bIl Corno,$c[199?] 300 $a383 p. . riccamente ill. ;$c30x22 cm. 500 $aContiene : Piccolo vocabolario. - In custodia. 850 $aSeMil 852 $aSeMil$W1$xVenegono$y1$m4Y V 70$j119247$B119247$CSeMilBibl$Z2$F130211 $81 961 $aLascito: Cazzaniga don Francesco 996 $6245$aCa e casinél$9(OLS)http://semarc/title/240563 996 $6260$a[Premana] :$bIl Corno$9(OLS)http://semarc/publisher/40093 LEADER 00931nam a2200205 i 4500 001 000000092661 003 CaOOAMICUS 005 20030802000000.0 008 030802s1935 xx u000 u und u 013 $a64903 040 $aSeMil$bita 100 1 $aHolzammer, Johann Baptist.$0(OLS)http://semarc/name/13405 245 10$aManuale di Storia Biblica. Per la coltura e l'insegnamento della relig ione. Il Nuovo Testamento. Parte I. L'Evangelo di Gesù Cristo. 260 $aTorino :$bSEI,$c1935. 300 $a653 p. 600 04$aGesù Cristo.$0(OLS)http://semarc/subject/712 850 $aSeMil 852 $aSeMil$W1$xVenegono$y1$m700 41 1 *$j55548$B55548$CSeMilBibl$Z2$F60262 $81 996 $6245$aManuale di Storia Biblica. Per la coltura e l'insegnamento della relig ione. Il Nuovo Testamento. Parte I. L'Evangelo di Gesù Cristo$9(OLS)http://semarc/title/138831 996 $6260$aTorino :$bSEI$9(OLS)http://semarc/publisher/29848